[Event "Oberliga Wuerttemberg 1718"]
[Site "Wuerttemberg"]
[Date "2017.10.08"]
[Round "2"]
[White "Trussevich, Sergey"]
[Black "Birkenmaier, Rainer"]
[Result "1/2-1/2"]
[WhiteElo "2244"]
[BlackElo "2100"]
[PlyCount "146"]
[EventDate "2017.09.17"]
[EventType "team-tourn"]
[EventRounds "9"]
[EventCountry "GER"]
[SourceTitle "EXT 2019"]
[Source "ChessBase"]
[SourceDate "2018.10.10"]
[SourceVersion "1"]
[SourceVersionDate "2018.10.10"]
[SourceQuality "1"]
[WhiteTeam "Jedesheim"]
[BlackTeam "Biberach"]
[WhiteTeamCountry "GER"]
[BlackTeamCountry "GER"]

1. Nf3 d5 2. d3 Nf6 3. Nbd2 c5 4. e4 dxe4 5. dxe4 Nc6 6. c3 Qc7 7. Qc2 e5 8. a4 Be7 9. Be2 0-0 10. 0-0 b6 11. Re1 Bg4 12. Nc4 Bxf3 13. Bxf3 Rad8 14. Ne3 Na5 15. Nf5 c4 16. Bg5 Nb3 17. Rad1 Rxd1 18. Rxd1 Rd8 19. Be2 Na5 20. h3 Kf8 21. Ne3 Rxd1+ 22. Qxd1 Qc6 23. Nd5 Nxd5 24. exd5 Qc7 25. Be3 Nb7 26. b3 cxb3 27. Qxb3 Bc5 28. Bd2 Nd6 29. Qc2 f5 30. c4 a5 31. Kf1 Bd4 32. g4 Qf7 33. Be1 g6 34. Kg2 fxg4 35. Bxg4 Qf4 36. Qe2 Qe4+ 37. Qxe4 Nxe4 38. f3 Nd6 39. f4 Nxc4 40. Be2 Ne3+ 41. Kf3 exf4 42. Kxf4 Bc5 43. Ke5 Nf5 44. Bd2 Kf7 45. Bg4 Bd6+ 46. Ke4 Ng3+ 47. Kd4 Kf6 48. Kc4 Nf1 49. Bc1 Bc5 50. Bb2+ Ke7 51. Be6 Ne3+ 52. Kd3 Nf5 53. Be5 Nd6 54. Bg4 Bf2 55. Bf4 Nb7 56. Kc4 Nd6+ 57. Kd3 Nb7 58. Bd1 Nd6 59. Bg5+ Kf7 60. Bg4 Bc5 61. Be6+ Kg7 62. Bd8 Nb7 63. Bg5 Nd6 64. Bd2 Bb4 65. Be3 Bc5 66. Bg5 h6 67. Bf4 g5 68. Be5+ Kg6 69. Bg4 h5 70. Bd7 Kf7 71. Bc3 Bb4 72. Be5 Bc5 73. Be6+ Kg6 1/2-1/2